UBT Library

Encyclopedia of sleep and dreaming / (Record no. 43128)

000 -LEADER
fixed length control field 00828cam a2200229 a 4500
001 - CONTROL NUMBER
control field 616875
005 - DATE AND TIME OF LATEST TRANSACTION
control field 20180222035633.0
008 - FIXED-LENGTH DATA ELEMENTS--GENERAL INFORMATION
fixed length control field 921020s1993 nyua be 001 0 eng
010 ## - LIBRARY OF CONGRESS CONTROL NUMBER
LC control number 92038048
020 ## - INTERNATIONAL STANDARD BOOK NUMBER
International Standard Book Number 0028970853 (hardcover : alk. paper) :
Terms of availability $95.00
040 ## - CATALOGING SOURCE
Original cataloging agency DLC
Transcribing agency DLC
Modifying agency DLC
041 ## - LANGUAGE CODE
Language code of text/sound track or separate title eng
080 ## - UNIVERSAL DECIMAL CLASSIFICATION NUMBER
Universal Decimal Classification number 154.603 mar
082 00 - DEWEY DECIMAL CLASSIFICATION NUMBER
Classification number 154.603 mar
Edition number 20
100 ## - Rafti
Rafti 24
101 ## - Shkurtesa
Shkurtesa enc
245 00 - TITLE STATEMENT
Title Encyclopedia of sleep and dreaming /
Statement of responsibility, etc Mary A. Carskadon, editor in chief.
504 ## - BIBLIOGRAPHY, ETC. NOTE
Bibliography, etc Includes bibliographical references and index.
906 ## - LOCAL DATA ELEMENT F, LDF (RLIN)
a 7
b cbc
c orignew
d 1
e ocip
f 19
g y-gencatlg
942 ## - ADDED ENTRY ELEMENTS (KOHA)
Source of classification or shelving scheme
Item type Books
Holdings
Withdrawn status Lost status Source of classification or shelving scheme Damaged status Not for loan Collection code Permanent location Current location Shelving location Date acquired Total Checkouts Full call number Barcode Date last seen Price effective from Koha item type
          Koleksioni i përgjithshem UBT - Lipjan UBT - Lipjan Koleksioni i përgjithshem 02/22/2018   154.603 mar 002-2999908 02/22/2018 02/22/2018 Books
UBT Library © 2015-2024. All rights reserved University Education for Business and Technology